Online Communications Software

Na minha lista:
Detalhes bibliográficos
Autor principal: Ashley, Ruth
Outros Autores: Fernandez, Judi N., Ashley, Paul
Formato: Livro
Idioma:inglês
Publicado em: New York McGraw-Hill 1989
Edição:1. ed.
Tags: Adicionar Tag
Sem tags, seja o primeiro a adicionar uma tag!

MARC

LEADER 00000nam a2200000 4500
001 c038354
005 20250610092846.2
041 0 |a eng 
044 |a US 
245 1 0 |a Online Communications Software  |c Ruth Ashley, Judi N. Fernandez, Paul Ashley 
250 |a 1. ed. 
264 1 |a New York  |b McGraw-Hill  |c 1989 
300 |a 256 s. 
100 1 |a Ashley, Ruth 
700 1 |a Fernandez, Judi N. 
700 1 |a Ashley, Paul